Claudio Rodríguez (Record no. 182783)

MARC details
000 -LEADER
campo de control de longitud fija 00821nam a2200217 i 4500
001 - NÚMERO DE CONTROL
campo de control 182783
003 - IDENTIFICADOR DE NÚMERO DE CONTROL
campo de control ES-MaACL
005 - FECHA Y HORA DE LA ÚLTIMA TRANSACCIÓN
campo de control 20250902063118.0
008 - DATOS DE LONGITUD FIJA--INFORMACIÓN GENERAL
campo de control de longitud fija 131031s1996 sp |||| | spa d
020 ## - NÚMERO INTERNACIONAL ESTÁNDAR DEL LIBRO
Número Internacional Estándar del Libro 84-7784-201-9
080 ## - NÚMERO DE LA CLASIFICACIÓN DECIMAL UNIVERSAL
Número de la Clasificación Decimal Universal 821.134.2 Rodríguez, Claudio 1.06
100 1# - ENTRADA PRINCIPAL--NOMBRE DE PERSONA
Nombre de persona Prieto de Paula, Ángel L.,
Fechas asociadas al nombre 1955-
9 (RLIN) 157160
245 10 - MENCIÓN DEL TÍTULO
Título Claudio Rodríguez
Resto del título : visión y contemplación /
Mención de responsabilidad, etc. Ángel Luis Prieto de Paula.
260 ## - PUBLICACIÓN, DISTRIBUCIÓN, ETC.
Lugar de publicación, distribución, etc. Alicante :
Nombre del editor, distribuidor, etc. Instituto de Cultura "Juan-Gil Albert" :
-- Diputación Provincial,
Fecha de publicación, distribución, etc. D.L. 1996.
300 ## - DESCRIPCIÓN FÍSICA
Extensión 69 p. ;
Dimensiones 20 cm.
490 1# - MENCIÓN DE SERIE
Mención de serie Poéticas ;
Designación de volumen o secuencia 1
600 14 - PUNTO DE ACCESO ADICIONAL DE MATERIA--NOMBRE DE PERSONA
Nombre de persona Rodríguez, Claudio,
Fechas asociadas al nombre 1934-1999-
Subdivisión general Crítica e interpretación
9 (RLIN) 98225
830 0# - PUNTO DE ACCESO ADICIONAL DE SERIE-TÍTULO UNIFORME
Título uniforme Poéticas ;
Designación de volumen o secuencia 1
9 (RLIN) 224896
852 ## - LOCALIZACIÓN
Ubicación ES-MaACL
Número de control de estantería 2328-F-11
Nota libre .- Donativo M. A. Velasco
Holdings
Estatus retirado Estado de pérdida Estado de daño No para préstamo Colección Biblioteca de origen Biblioteca actual Ubicación en estantería Fecha de adquisición Fuente de adquisición Total de préstamos Signatura topográfica completa Código de barras Visto por última vez Precio de reemplazo Tipo de ítem Koha
        Colección de folletos Biblioteca del Ateneo de Madrid Biblioteca del Ateneo de Madrid Depósito folletos 31/10/2013     2328-F-11 1192098 23/02/2023 23/02/2023 Folleto